000 00368 a2200169 4500
001 68207
020 _a9788508081715
040 _cAnchieta - Pituba
100 _aDupré, Maria José
240 1 0 _aO cachorrinho Samba
_lpor
245 1 0 _aO cachorrinho Samba
300 _a128
362 0 _a2005
440 1 _aÁtica
650 4 _aLiteratura juvenil
942 _cBK
999 _c68207
_d68207